| 000 | 00480nam a2200169Ia 4500 | ||
|---|---|---|---|
| 003 | OSt | ||
| 005 | 20201202152838.0 | ||
| 008 | 190216s9999||||xx |||||||||||||| ||und|| | ||
| 040 | _coclc | ||
| 082 |
_a894.8123 _bRAV/A |
||
| 100 |
_aRavindran, P A _97127 |
||
| 245 | 0 |
_aAadarsam / _cP A Ravindran |
|
| 260 |
_bPoorna Publications, _c1995. _a Kozhikode: |
||
| 300 | _a159p | ||
| 650 | _aMalayalam Novel | ||
| 942 |
_cBK _2ddc _h894.8123 _iRAV/A _k894.8123 _mRAV/A |
||
| 999 |
_c27169 _d27169 |
||